000 00593nam a22001937a 4500
003 BUBTL
008 190331b xxu||||| |||| 00| 0 eng d
020 _a978-81-315-1246-3
082 _a625.794 / GAP
100 _92259
_aGarber, Nicholas J.
245 _aTraffic and highway engineering /
_cNicholas J Garber, Lester A Hoel
260 _aAndover :
_bCengage Learning,
_cc2010
300 _a991 p. :
_bill. ;
_c24 cm.
650 0 _92260
_aCivil Engineering
700 _92261
_aHoel, Lester A.
856 _k0
_l0
_yDownload
942 _2ddc
_cBK
999 _c5943
_d5943